000 00705nam a2200241 i 4500
001 172930
003 ES-MaACL
005 20250717065516.0
007 t|
008 090916s1951 fr ||||1| fre d
080 _a330.862
080 _a329.285
100 1 _aArvon, Henri.
_923520
245 1 2 _aL'anarchisme /
_cpar Henri Arvon.
250 _a1re éd.
260 _aParis :
_bPresses Universitaires de France,
_c1951.
300 _a128 p. ;
_c18 cm.
490 1 _aQue sais-je ? ;
_v479
650 7 _aAnarquismo
_2embne
_99783
830 0 0 _aQue sais-je?
_v479
_9180931
852 4 _aES-MaACL
_jE-12991
_9R.139160
_z. - Biblioteca Jacinto Martínez Lacalle
999 _c172930
_d172930